| 000 | 00878cam a22002898i 4500 | ||
|---|---|---|---|
| 999 |
_c57717 _d57717 |
||
| 001 | 20158078 | ||
| 005 | 20221105204629.0 | ||
| 008 | 171128s2019 pau b 001 0 eng | ||
| 010 | _a 2017056975 | ||
| 020 | _a9780323476683 (hardcover : alk. paper) 1 | ||
| 035 | _a(DNLM)101717457 | ||
| 040 |
_aDNLM/DLC _cDLC _erda |
||
| 041 | _aeng | ||
| 080 | _a616-091.8 G-69 | ||
| 100 | 1 |
_aGoljan, Edward F., _eauthor. _99590 |
|
| 245 | 1 | 0 |
_aRapid review pathology / _cEdward F. Goljan. |
| 250 | _aFifth edition. | ||
| 264 | 1 |
_aPhiladelphia, PA : _bElsevier, Inc., _c2019. |
|
| 300 |
_a858 p. ; _c30 cm. |
||
| 490 | 1 | _aRapid review series | |
| 650 | 1 | 2 |
_aPathology _99591 |
| 653 | _aმედიცინა | ||
| 653 | _aპათოლოგიები | ||
| 830 | 0 |
_aRapid review series. _99592 |
|
| 906 |
_a7 _bcbc _corignew _d1 _eecip _f20 _gy-gencatlg |
||
| 942 |
_2udc _cBK |
||